1270 1080 1526 1267 1843 1750 1697 1985 1307 1660 1327 1932 1925 1520 1740 1566 1887 1221 1392 1592 1481 1414 1553 1527 1193 1356 1610 1848 1129 1191 1507 1879 1404 1807 1587 1031 1740 1246 1844 1152 1960 1557 1797 1103 1772 1796 1052 1673 1773 1252 1879 1427 1729 1912 1446 1609 1573 1975 1571 1296 1373 1622 1765 1882 1776 1897 1418 1273 1998 1719 1249 1849 1494 1191 1902 1407 1578 1701 1325 1880 1716 1754 1100 1279 1211 1541 1326 1282 1213 1885 1962 1391 1321 1883 1674 1746 1539 1523 1527 BCNSPRNW ULIB Ver.6.0+V

เปลี่ยนเป็นภาษาไทย

Change to English
 แสดงรายละเอียดบรรณานุกรม
  กลับหน้าหลัก

Brief Record : Get Marc (ISO 2709) : E-mail record : QR code < ปิดหน้าต่าง
LEADER : 00000nam 2200000uu 4500
001    13399128866
003     ULIB
008    241021s||||||||th 000 0 tha d
020 ^  ^a9786169157410
060 0  ^aWA105^bพ471
245 1  ^aพื้นฐานระบาดวิทยา =^bBasics of Epidemiology.
246 3  ^aBasics of Epidemiology.
250 ^  ^aพิมพ์ครั้งที่ 3.
260 ^  ^aกรุงเทพฯ :^bสมาคมนักระบาดภาคสนาม,^c2562.
300 ^  ^a317 หน้า :^bภาพประกอบ ;^c26 ซม.
650 ^  ^aระบาดวิทยา.
945    ^p350^l0^i30290
945    ^p350^l0^i30291
999    ^aกัณชพร จุลอักษร
รายการนี้ยังไม่มีแท็ก
คุณยังไม่ได้ล็อกอิน คุณสามารถมีกิจกรรมร่วมกับเว็บไซต์ได้ แต่ต้องล็อกอินก่อน ::
  ล็อกอิน

รายการสื่อสารสนเทศ

ลำดับที่ ประเภท เลขเรียก/บาร์โค้ด สถานที่ สถานะ
1. หนังสือสำรอง
หนังสือสำรอง
WA105 พ471 ฉ.1 
  Barcode: 30290
ห้องสมุดวิทยาเขตนครสวรรค์
►หนังสือทั่วไป:l:General Books
บนชั้น
2. วิทยาศาสตร์การแพทย์ และสุขภาพ
วิทยาศาสตร์การแพทย์ และสุขภาพ
WA105 พ471 ฉ.2 
  Barcode: 30291
ห้องสมุดวิทยาเขตนครสวรรค์
►หนังสือทั่วไป:l:General Books
บนชั้น

รายการใกล้เคียง
    หัวเรื่อง [ระบาดวิทยา.]

BibComment


ยังไม่เคยถูกคอมเมนท์

คอมเมนท์ทรัพยากรรายการนี้
  คอมเมนท์: พื้นฐานระบาดวิทย..


 Copyright 2026. Bcnsprnw @Library